| 000 | 00969cam a22003133a 4500 | ||
|---|---|---|---|
| 001 | 15454 | ||
| 003 | PGUSA | ||
| 005 | 20140828083330.0 | ||
| 008 | 050324s2005||||xxu|||||s|||||000 1 eng d | ||
| 040 |
_aPGUSA _beng |
||
| 042 | _adc | ||
| 050 | 4 | _aPS | |
| 100 | 1 |
_aGriggs, Sutton E. _q(Sutton Elbert), _d1872-1933 |
|
| 245 | 1 | 0 |
_aImperium in Imperio : _bA Study of the Negro Race Problem : A Novel _h[electronic resource] / _cSutton E. Griggs |
| 260 |
_bProject Gutenberg, _c2005 |
||
| 506 | _aPublic domain in the USA. | ||
| 516 | _aElectronic text | ||
| 653 | _aUtopian fiction | ||
| 653 | _aRacially mixed people -- Fiction | ||
| 653 | _aBlack nationalism -- Fiction | ||
| 653 | _aPolitical fiction | ||
| 653 | _aRadicals -- Fiction | ||
| 653 | _aAfrican American men -- Fiction | ||
| 653 | _aRacism -- Fiction | ||
| 653 | _aTexas -- Fiction | ||
| 830 | 0 |
_aProject Gutenberg _v15454 |
|
| 856 | 4 | 0 | _uhttp://www.gutenberg.org/ebooks/15454 |
| 942 | _cEB | ||
| 999 |
_c244709 _d244709 |
||